000 00691nam a22002297a 4500
999 _c3712
_d3712
003 AR-CdUCM
008 190307b ||||| |||| 00| 0 spa d
020 _a9972-34-570-X
040 _aMUNICIPALIDAD PROVINCIAL DEL CUSCO
_cBIBLIOTECA MUNICIPAL DEL CUSCO
082 _a869.56 /
_bP13
100 _aPacheco Medrano, Karina
_91044
245 _aLa voluntad del molle /
260 _aLima :
_bEdit. San Marcos,
_c2006.
300 _a265 paginas ;
_c21 cm.
505 _aContenido :Novela peruana /
650 _aLiteratura peruana
_9169
650 _anovela peruana
_912029
650 _aSiglo XX
_98
856 _fAnibal Paredes Galvan ( editor)
942 _2ddc
_cLIBROS
945 _arjall